| Поле | Инд. | ПП | Название | Значение |
|---|---|---|---|---|
| Тип записи | a | |||
| Библиографический уровень | m | |||
| 001 | Контрольный номер | 88a0e9c68c004238933c2759da72c33c | ||
| 005 | Дата корректировки | 20210723174557.7 | ||
| 100 | a | Данные общей обработки | 20190314 ||| 0rusy0189 ca | |
| 101 | 0_ | a | Язык текста | rus |
| 102 | a | Страна публикации | RU | |
| 200 | 1_ | a | Заглавие | № 12 |
| b | Общее обозначение материала | Текст | ||
| 210 | 1_ | d | Дата издания | 2019 |
| 461 | _0 | 1 | 2000 | |
| a | Конституционное и муниципальное право | |||
| v | № 12 | |||
| 1 | 203 | |||
| a | Текст : непосредственный | |||
| 1 | 001098dfeb72f9b4f2bb87f2566938b738f | |||
| 801 | _0 | a | Страна | RU |
| b | Организация | РГУП | ||
| c | Дата составления | 20190314 | ||
| g | Правила каталогизации | PSBO | ||
| 801 | _1 | a | Страна | RU |
| b | Организация | РГУП | ||
| c | Дата составления | 20190314 | ||
| g | Правила каталогизации | PSBO | ||
| 901 | t | Тип документа | s | |
| w | Контрольный № источника | 098dfeb72f9b4f2bb87f2566938b738f | ||
| 905 | a | Дата ввода | 20190314 |